000
00299nam a22001337a 4500
008
170623b xxu||||| |||| 00| 0 eng d
020
_a
9780534175023
041
_a
eng
080
_a
343.9
100
_a
15
101
_a
SHJ
245
_a
CRIME AND JUSTICE IN THE YEAR
_c
KLOFAS,J
942
_2
udc
_c
BK
999
_c
19013
_d
19013